000 00681cam a22002413a 4500
001 20206
003 PGUSA
005 20140828083428.0
008 061228s2006||||xxu|||||s|||||000 | eng d
040 _aPGUSA
_beng
042 _adc
050 4 _aBR
100 1 _aVelimirović, Nikolaj,
_d1880-1956
245 1 4 _aThe Agony of the Church (1917)
_h[electronic resource] /
_cNikolaj Velimirović
260 _bProject Gutenberg,
_c2006
506 _aPublic domain in the USA.
516 _aElectronic text
653 _aChristianity -- 20th century
653 _aChurch
830 0 _aProject Gutenberg
_v20206
856 4 0 _uhttp://www.gutenberg.org/ebooks/20206
942 _cEB
999 _c249461
_d249461